Southville International School and Colleges
Your cart is empty.
  • Cart
  • Lists
    Public lists Eva Luna New books Lux_list list_1
    Your lists Log in to create your own lists
  • Log in to your account
  • Your cookies
  • Search history
Southville International School and Colleges
  • Advanced search
  • Recent comments
  • Most popular
  • Libraries

Log in to your account

Log in with GOOGLE


If you do not have an external account, but do have a local account, you can still log in:

  1. Home
  2. MARC view: I'm ok you're ok :
Normal view MARC view ISBD view

I'm ok you're ok : (Record no. 357644)

[ view plain ]
MARC details
000 -LEADER
fixed length control field 00573nam a2200217Ia 4500
008 - FIXED-LENGTH DATA ELEMENTS--GENERAL INFORMATION
fixed length control field 180523s9999 xx 000 0 und d
020 ## - INTERNATIONAL STANDARD BOOK NUMBER
International Standard Book Number 971-08-1448-6
050 ## - LIBRARY OF CONGRESS CALL NUMBER
Classification number MAIN RC 480.5
050 ## - LIBRARY OF CONGRESS CALL NUMBER
Item number .H37 1979 c.2
100 ## - MAIN ENTRY--PERSONAL NAME
Personal name Harris, Thomas A.
245 #0 - TITLE STATEMENT
Title I'm ok you're ok :
245 #2 - TITLE STATEMENT
Remainder of title a practical guide to transactional analysis /
245 #0 - TITLE STATEMENT
Statement of responsibility, etc Thomas A. Harris.
260 ## - PUBLICATION, DISTRIBUTION, ETC. (IMPRINT)
Place of publication, distribution, etc New York :
260 ## - PUBLICATION, DISTRIBUTION, ETC. (IMPRINT)
Name of publisher, distributor, etc Harper and Row Pub.,
260 ## - PUBLICATION, DISTRIBUTION, ETC. (IMPRINT)
Date of publication, distribution, etc 1979
300 ## - PHYSICAL DESCRIPTION
Extent 278 pages :
300 ## - PHYSICAL DESCRIPTION
Dimensions 17 cm.
500 ## - GENERAL NOTE
General note Includes index.
650 ## - SUBJECT ADDED ENTRY--TOPICAL TERM
Topical term or geographic name as entry element Transactional analysis.
Holdings
Withdrawn status Lost status Damaged status Home library Current library Shelving location Date acquired Cost, normal purchase price Total Checkouts Full call number Barcode Date last seen Price effective from Koha item type
      South Mansfield College South Mansfield College   05/31/2008 120.00   MAIN RC 480.5 .H37 1979 c.2 SMC05161 05/23/2018 05/23/2018  

I'm ok you're ok :

APA

Harris T. A., .I'm ok you're ok. New York: .

Chicago

Harris Thomas A, .I'm ok you're ok. New York: .

Harvard

Harris T. A., .I'm ok you're ok. New York: .

MLA

Harris Thomas A, .New York: . .

  • Place hold
  • Print
  • Cite
  • Add to your cart (remove)
  • Save record
    BIBTEX Dublin Core MARCXML MARC (non-Unicode/MARC-8) MARC (Unicode/UTF-8) MARC (Unicode/UTF-8, Standard) MODS (XML) RIS
  • More searches
    Search for this title in:
    Other Libraries (WorldCat) Other Databases (Google Scholar) Online Stores (Bookfinder.com) Open Library (openlibrary.org)

Exporting to Dublin Core...

SOUTHVILLE LIBRARY

Southville International School and Colleges Library

1281 Tropical Ave. Cor. Luxembourg St., BF Homes International, Las Pinas City

Tel. No. 8256374 / 252358 Loc. 117/146

Powered by Koha